MDQL
is popping MORE tags! Check the
thread
!
Quizzes
Events
Quiz Creation
Community
Videos
Private Events
Remove Ads
Sign In
Join for FREE
Feedback
Dark Mode
Quiz Categories
Sports
Geography
Music
Movies
Television
Just For Fun
Miscellaneous
History
Literature
Language
Science
Gaming
Entertainment
Religion
Holiday
For Kids
Quiz Lab
Recent
Popular Today
Quiz Kudos Today
Editor Picks
Curator Picks
Quizzes by...
Day
Popularity
Type
Ratings
Length
Year
Community
Subscriptions
Recent Discussions
Orange Saloon
Badges
Playlists
Quests
Create
Leaderboards
Showdown
Live 5
Trivia Bingo
Activity
Puzzle Library
Sporcle Events
Private Events
Virtual Trivia
Globe League
Become a Host
Pub Owners
SporcleCon
Opinionation
Our Games
Videos
Blog
Mobile Apps
Partnerships
Remove Ads and Go Orange
Feedback
Just For Fun
Clickable
Get the Picture
Humor
Quick Pick
Word Ladder
Missing Word
Mixed Word
Blitz
Minefield
This or That
Alphabet
Color
Typing
Sporcle
Puzzle
Word Play
Follow That Line
Logic
Just For Fun
Clickable
Get the Picture
Humor
Quick Pick
Word Ladder
Missing Word
Mixed Word
Blitz
Minefield
This or That
Alphabet
Color
Typing
Sporcle
Puzzle
Word Play
Follow That Line
Logic
Random Quiz
Search Sporcle
×
Quiz Lab
Quiz Lab
Just For Fun
Blitz
Type in answers that appear in a list
Type in answers that appear in a list
Classic
Best Score? Go Orange.
What's Missing Blitz Stats
Can you name the missing word(s) within 3 minutes?
By
hawkeye26
3m
20 Questions
153 Plays
153 Plays
153 Plays
Comments
Comments
Give Quiz Kudos
Give Quiz Kudos
-
- Ratings
hide this ad
Replay
Link that replays current quiz
Next Quiz
Link to next quiz in quiz playlist
You Got
0%
They Got
Avg Score
57%
Avg Friend Score
Upgrade to see
Score Distribution
Jump to the score distribution portion of the page
Score
0/20
Timer
03:00
0
Plays Today
Group
Whats Missing?
% Correct
Left, Right, Down
Up
93.5%
Summer, Winter, Spring
Fall
88.2%
MLB, NHL, NBA
NFL
83.7%
Mercury, Venus, Earth, Mars, Saturn, Uranus, Jupiter
Neptune
83%
Pinta, Santa Maria
Nina
81%
Red, Orange, Yellow, Green, Blue, Violet
Indigo
80.4%
George Washington, Thomas Jefferson, Abraham Lincoln
Theodore Roosevelt
72.5%
Sleepy, Sneezy, Doc, Dopey, Grumpy, Bashful
Happy
66.7%
Maine, Massachusetts, Michigan, Minnesota, Mississippi, Missouri, Montana
Maryland
64.7%
Two all beef patties, special sauce, lettuce, cheese, onions, sesame seed bun
Pickles
61.4%
Group
Whats Missing?
% Correct
Academy Awards, Emmys, Grammys
Tony
54.2%
Fruit, Vegetable, Grain, Protein
Dairy
53.6%
Solid, Liquid, Gas
Plasma
49%
Greed, Sloth, Envy, Lust, Gluttony, Pride
Wrath
39.2%
Egg, Pupa/
Chrysalis, Adult Emerging, Butterfly
Caterpillar
37.9%
Verb, Noun, Pronoun, Adjective, Adverb, Conjunction, Interjection
Preposition
36.6%
Athos, Porthos,
Aramis
34%
Lucy, Peter, Edmund
Susan
29.4%
Carrie, Miranda, Samantha
Charlotte
28.8%
Star Trek, The Animated Series, Next Generation, Voyager, Enterprise
Deep Space Nine
21.6%
Quiz Playlist
Details
Report
Send in Message
Add To Playlist
Classic:
Type in answers that appear in a list
Last Updated: Feb 16, 2017
Quiz Scoreboard
CHALLENGE
Sign Up to Join the Scoreboard
Show All
Scores
Hide
Comments
May contain spoilers
Recently Published
5x2 Blitz: Bands
by SL_Kpop136
Music
30s
Colored Red Africa Blitz
by spor1
Geography
30s
Find the 'City' Movie
by crazypaving
Movies
60s
More to Explore
Quiz From the Vault
Featured Blog Post
14 Easter Pick-up Lines to Find Eggs With
hide this ad
You Might Also Like...
Tags
Blitz Quiz
group
minute
Today's Top Quizzes in Just For Fun
Browse Just For Fun
hide this ad
Today's Top Quizzes in Blitz
Browse Blitz
Top Contributed Quizzes in Just For Fun
1
Avatar the Last Airbender: Logic Puzzle
2
Name Just One - 10 to 1: Just For Fun
3
Missing Word: 2-Letter A-Z II
4
Missing Letter Whitney Houston Songs
5
Survivor Winners Logic Puzzle
6
Shadowhunters Protagonists Logic Quiz
7
Quick 5-Color Logic (18)
8
Medium Renzoku Puzzle 11
9
It's Magic / Witchcraft 🎩🪄🧙♀️
10
Killer Double Trees 224 - Colour Match-Up
Explore More
Trending Topics
Crossword
Kpop
Disney
Anime
Marvel
NBA
Harry Potter
WWE
Puzzle
Pokémon
Soccer
Song
The Office
Country
NFL
hide this ad
More By:
hawkeye26
Quiz
Plays
Rating
Category
Featured
Created
Mixed Word: Looney Tunes
39,377
4.25
Just For Fun
Mar 9, 2011
Mixed Word: Reality TV
26,335
4.12
Just For Fun
Mar 16, 2011
Profile: Oprah Winfrey
11,604
3.64
Television
May 23, 2011
Duggar Family Blitz
1,447
3.00
Television
Oct 13, 2011
Modern Family Blitz
1,333
3.67
Television
Jun 27, 2011
Go to Creator's Profile
Score Distribution
Quiz Creator Spotlight
hawkeye26
Follow
Send a Message
Quizzes Created
-
Created Quiz Play Count
-
More By This Creator
Popular Quizzes Today
1
Colored Red Africa Blitz
2
Find the 'City' Movie
3
Find the US States - No Outlines Minefield
4
5x2 Blitz: Bands
5
The Countries of the World
6
Find the US States
7
Find the Countries of Europe - No Outlines Minefield
8
US States
More Just For Fun Quizzes
Missing Word: Newbery Medal-Winning Books
Published
Trending Quizzes
Colored Red Europe Blitz I
Colored Red Europe Blitz II
Colored Red Africa Blitz II
Colored Red Europe Blitz III
Colored Red Africa Blitz III
Recently Updated
How Do You Spell That?
pecheneg
Godzilla Movies
pecheneg
Grab Bag: 4-10 Letters
pecheneg
2024 March Madness Bracket
pecheneg
Famous TV Couples
Peacemaker
Champions League XIs: Real Madrid
pecheneg
Largest US Cities 1790-2010
pecheneg
Rides in Walt Disney World
pecheneg
Most Oscar Losses (Acting)
pecheneg
Beyoncé Albums
pecheneg
Trending Topics
Marvel
NBA
Disney
Anime
Kpop
Crossword
Harry Potter
Pokémon
Song
NFL
WWE
Puzzle
The Office
Soccer
Country
Your Account Isn't Verified!
In order to create a playlist on Sporcle, you need to verify the email address you used during registration. Go to your
Sporcle Settings
to finish the process.
Report this User
Report this user for behavior that violates our
Community Guidelines
.
Details:
Send Report
Go to the Sporcle.com Mobile Site →
Comments